|
|
|
|
| LEADER |
01219nam a2200313 a 4500 |
| 001 |
4820015 |
| 008 |
091125s1991 maub 001 0 eng d |
| 010 |
|
|
|a 89063942
|
| 020 |
|
|
|a 0312048211
|
| 020 |
|
|
|a 0312034687
|
| 040 |
|
|
|a NOwU
|c NOwU
|d DLC
|
| 082 |
|
|
|a 809/.9112
|2 20
|
| 100 |
1 |
|
|a Verburg, Carol J.
|
| 245 |
1 |
0 |
|a Ourselves among others :
|b cross-cultural readings for writers /
|c by Carol J. Verburg.
|
| 250 |
|
|
|a 2nd ed.
|
| 260 |
|
|
|a Boston :
|b Bedford Books of St. Martin's Press,
|c 1991.
|
| 300 |
|
|
|a vii, 182 p. :
|b maps ;
|c 23 cm.
|
| 500 |
|
|
|a Includes index.
|
| 500 |
|
|
|a Maps on lining paper.
|
| 541 |
1 |
|
|e 00009896
|
| 650 |
|
0 |
|a Literature, Modern
|y 20th century
|x History and criticism.
|
| 650 |
|
0 |
|a Literature and society.
|
| 650 |
|
0 |
|a Ethnicity in literature.
|
| 650 |
|
0 |
|a Ethnology
|x Study and teaching
|z United States.
|
| 650 |
|
0 |
|a Multicultural education
|z United States.
|
| 650 |
|
0 |
|a Cross-cultural orientation.
|
| 852 |
4 |
|
|a Ayesha Abed Library
|j General Shelf
|
| 999 |
|
|
|c 5937
|d 5937
|
| 952 |
|
|
|0 0
|1 0
|2 ddc
|4 0
|6 809_911200000000000_VER_1991
|7 0
|9 5921
|a BRACUL
|b BRACUL
|c GEN
|d 2009-12-06
|g 0.00
|l 0
|o 809.9112 VER
|p 3010009896
|r 2009-12-06
|t 1
|w 2009-12-06
|y BK
|x No price found in the accession register.
|